In welchem Land wurde das Bild aufgenommen? 3 - Statistiken

Allgemein
  • Dieses Quiz wurde 202 mal gespielt
  • Das Durchschnittsergebnis liegt bei 12 aus 16
Antwortstatistiken
Bildquiz Antwort % Korrekt
Deutschland
99%
USA
99%
Indien
95%
Vereinigtes Königreich
95%
Griechenland
93%
Niederlande
91%
Schweiz
91%
Italien
85%
Frankreich
84%
Neu Seeland
79%
Malediven
74%
Südafrika
74%
Japan
51%
Polen
39%
Brasilien
35%
Philippinen
14%
Keine übereinstimmenden Quizze gefunden
Verteilung der Resultate
Anzahl Personen mit jedem Resultat
Perzentil nach korrekt beantworteten Fragen
Ihre Resultats-Entwicklung
Sie haben dieses Quiz noch nicht gespielt